| 000 | 00418nam a2200145 a 4500 | ||
|---|---|---|---|
| 001 | 000046425 | ||
| 005 | 20201002052848.0 | ||
| 008 | 150811s1995 dr a 000 0 spa d | ||
| 040 |
_aDO-SdBNP _bspa _cBNPHU |
||
| 082 |
_axxxxxxxxx _bxxxxxxxxx |
||
| 100 | 1 |
_aPineda, Jorge _97045 |
|
| 245 | 1 | 3 |
_aEl limbo / _cJorge Pineda. |
| 260 |
_aSanto Domingo : _bCentro Cultural Hipánico, _c1995. |
||
| 300 |
_a12 p. : _bil., ; _c28 cm. |
||
| 999 |
_c45914 _d45914 |
||